Can you live to be 100? (Record no. 33500)

MARC details
000 -LEADER
fixed length control field 00267nam a2200109Ia 4500
082 ## - DEWEY DECIMAL CLASSIFICATION NUMBER
Classification number 61:159.9
Item number WOO
100 ## - MAIN ENTRY--AUTHOR NAME
Personal name Woodruff, Diana S
245 #0 - TITLE STATEMENT
Title Can you live to be 100?
260 ## - PUBLICATION, DISTRIBUTION, ETC. (IMPRINT)
Place of publication New York
Name of publisher Nal
Year of publication 1977
942 ## - ADDED ENTRY ELEMENTS (KOHA)
Koha item type Books
Holdings
Withdrawn status Lost status Damaged status Not for loan Home library Current library Date acquired Full call number Accession Number Koha item type
        RRII Library RRII Library 16/12/2021 61:159.9 WOO 13997 Books